00496nam a2200193 a 4500001001300000003000900013005001700022008004100039020000800080082001600088100002100104245003600125260004200161300000900203500003500212505001600247650001800263700002100281nice12345678IN_TiNIC20260116012952.0050524s1982 rama grp 000 0 urd  ac500a297.52bMUH aMuhammad, Maulvi aHamari Namaaz Hamari Zaban Mein aRampurbSharafat Printing Pressc1982 a112p aincludes index and biblioraphy2 aManuscript. aIslam-Prayers1 aMuhammad, Maulvi